00639nac a22001931u 4500020001500000082001500015090001500030100003400045245005400079260005400133300002700187500002600214511002600240650002700266700001700293942001700310999001500327952010300342 a8121901324 a621.8bKHU c9069d9069 aKhurmi, R. S.  aTheory of machines/cR. S. Khurmi and J. K. Gupta aNew Delhi:bEurasia Publishing House, 1996c1996 a1007p.:bill.;c24 cm. aDistributer: Al-Ahram acatalogued by: wessam aMechanical engineering aGupta, J. K. cBBk621.8KHU c9069d9069 00104070aMAINbMAINc1STd2008-04-09ePurchasel0o621.8KHUp000011036r2025-07-15 00:00:00yBB